Countries with more than 1% of the world's population - Statistics

General Stats
  • This quiz has been taken 76 times
  • The average score is 16 of 19
Answer Stats
% of world's population Answer % Correct
17.72 China
100%
17.76 India
100%
4.23 United States
98%
3.45 Indonesia
97%
1.8 Russia
97%
2.69 Brazil
95%
2.78 Nigeria
92%
2.15 Bangladesh
91%
1.53 Japan
91%
1.4 Egypt
88%
1.6 Mexico
88%
2.99 Pakistan
86%
1.04 Germany
85%
1.11 Iran
83%
1.46 Philippines
79%
1.57 Ethiopia
77%
1.07 Turkey
76%
1.23 Vietnam
76%
1.27 Democratic Republic of the Congo
32%
No matching quizzes found
Score Distribution
Percent of People with Each Score
Percentile by Number Answered
Your Score History
You have not taken this quiz